[Event "London Classic rapid op"]
[Site "London"]
[Date "2017.12.09"]
[Round "5.6"]
[White "Varley, Nicolas"]
[Black "Bisby, Daniel L"]
[Result "1-0"]
[WhiteElo "2111"]
[BlackElo "2317"]
[PlyCount "111"]
[EventDate "2017.12.09"]
[EventType "swiss (rapid)"]
[EventRounds "6"]
[EventCountry "ENG"]
[SourceTitle "CBM 182 Extra"]
[Source "ChessBase"]
[SourceDate "2018.02.23"]
[SourceVersion "1"]
[SourceVersionDate "2018.02.23"]
[SourceQuality "1"]

1. d4 Nf6 2. Bg5 Ne4 3. h4 d5 4. Nd2 Bf5 5. Nxe4 Bxe4 6. f3 Bf5 7. g4 Bd7 8. h5 h6 9. Bh4 c5 10. dxc5 Qa5+ 11. c3 Qxc5 12. Bf2 Qa5 13. Qb3 Nc6 14. 0-0-0 e6 15. e4 Be7 16. exd5 exd5 17. Ne2 0-0 18. Rxd5 Qc7 19. Bg3 Qc8 20. Nd4 Nxd4 21. Rxd4 Bf6 22. Rd6 Be6 23. Rxe6 fxe6 24. Bc4 Qc5 25. Re1 Kh8 26. Kb1 Rad8 27. Bxe6 Rd2 28. Bf5 a5 29. Bf4 a4 30. Qxb7 Rdd8 31. Qb4 Qf2 32. Rc1 Qxf3 33. Qxa4 Ra8 34. Qe4 Qf2 35. Be3 Qh2 36. Qf4 Qe2 37. Bd4 Rfb8 38. Rc2 Qd1+ 39. Qc1 Qxc1+ 40. Rxc1 Bg5 41. Re1 Rb7 42. a4 Rab8 43. b4 Bf4 44. a5 Bd2 45. Re2 Bf4 46. a6 Rc7 47. a7 Ra8 48. Be4 Raxa7 49. Bxa7 Rxa7 50. Bg6 Ra8 51. Kb2 Kg8 52. Kb3 Kf8 53. c4 Bc7 54. c5 Rb8 55. Kc4 Ba5 56. bxa5 1-0

[Event "NOR-chT 1516"]
[Site "Norway"]
[Date "2016.03.06"]
[Round "9.3"]
[White "Haldorsen, Benjamin"]
[Black "Varley, Nicolas"]
[Result "1-0"]
[WhiteElo "2264"]
[BlackElo "2115"]
[PlyCount "95"]
[EventDate "2015.10.30"]
[EventType "team-tourn"]
[EventRounds "9"]
[EventCountry "NOR"]
[SourceTitle "EXT 2017"]
[Source "ChessBase"]
[SourceDate "2016.10.25"]
[SourceVersion "1"]
[SourceVersionDate "2016.10.25"]
[SourceQuality "1"]
[WhiteTeam "Bergens"]
[BlackTeam "Stavanger"]
[WhiteTeamCountry "NOR"]
[BlackTeamCountry "NOR"]

1. e4 c5 2. Nf3 d6 3. d4 cxd4 4. Nxd4 Nf6 5. Nc3 a6 6. Be3 e5 7. Nb3 Be6 8. f3 Be7 9. Qd2 0-0 10. 0-0-0 Nbd7 11. g4 b5 12. g5 b4 13. Ne2 Ne8 14. f4 a5 15. f5 a4 16. fxe6 axb3 17. cxb3 fxe6 18. Kb1 Rf3 19. Nc1 Qa5 20. Bg2 Rf8 21. Rhf1 Nc7 22. h4 Rxf1 23. Rxf1 Rf8 24. Rd1 Ra8 25. h5 Qb5 26. Qc2 Qb7 27. Rf1 Rf8 28. Rxf8+ Nxf8 29. Nd3 g6 30. hxg6 Nxg6 31. Qc4 d5 32. Qc2 dxe4 33. Nc5 Bxc5 34. Bxc5 Nd5 35. Bxe4 Qf7 36. a4 bxa3 37. bxa3 Kg7 38. Kb2 Qf4 39. a4 Qxg5 40. a5 Qd8 41. a6 Qa5 42. a7 Ngf4 43. Bxh7 Nf6 44. Bb6 Qd5 45. Qc7+ Kh6 46. Bc2 Qg2 47. Qd8 N6d5 48. Qh8+ 1-0

[Event "NOR-ch U26"]
[Site "Stavanger/Sandnes"]
[Date "2014.11.??"]
[Round "3"]
[White "Varley, Nicolas"]
[Black "Rodsmoen, Maud"]
[Result "1-0"]
[WhiteElo "1977"]
[BlackElo "1878"]
[PlyCount "121"]
[EventDate "2014.11.14"]
[EventType "swiss"]
[EventRounds "6"]
[EventCountry "NOR"]
[SourceTitle "EXT 2024"]
[Source "ChessBase"]
[SourceDate "2023.10.10"]
[SourceVersion "1"]
[SourceVersionDate "2023.10.10"]
[SourceQuality "1"]

1. e4 c5 2. Nf3 e6 3. d4 cxd4 4. Nxd4 Nc6 5. Nb5 d6 6. c4 a6 7. N5c3 Be7 8. Be2 Nf6 9. Be3 Qc7 10. Na3 0-0 11. Rc1 Bd7 12. 0-0 Rac8 13. f4 Qb8 14. Bf3 Na5 15. Qe2 b6 16. Rfd1 Rc7 17. e5 dxe5 18. fxe5 Ne8 19. Ne4 f6 20. exf6 gxf6 21. Bh6 Ng7 22. Nd6 Rc5 23. Bxg7 Kxg7 24. Nf5+ Rxf5 25. Rxd7 Rf7 26. Qxe6 Qe5 27. Qxe5 fxe5 28. Rdd1 Bc5+ 29. Kh1 Rf4 30. Bd5 R7f6 31. g3 Rf2 32. Nc2 Rh6 33. h4 Bd4 34. Nxd4 exd4 35. b4 Nc6 36. b5 Nb4 37. bxa6 Rxa2 38. Rb1 Nxd5 39. cxd5 Rxa6 40. Rxd4 Rd6 41. Rc1 Ra5 42. Rc7+ Kh6 43. g4 Raxd5 44. g5+ Kg6 45. Rxd5 Rxd5 46. Rc6+ Kg7 47. Rxb6 Rd4 48. Rh6 Rg4 49. Kh2 Kg8 50. Kh3 Rg1 51. Ra6 Kg7 52. Ra3 Kg6 53. Rf3 Kh5 54. Rf6 Rh1+ 55. Kg3 Rg1+ 56. Kf2 Rh1 57. Rh6+ Kg4 58. Rxh7 Ra1 59. g6 Ra8 60. h5 Kg5 61. g7 1-0